000 00213nam a2200097Ia 4500
008 220204s9999 xx 000 0 und d
082 _a82-3
_bSTO
100 _aStone, Irving
245 0 _aLust for life
942 _cBK
999 _c32145
_d32145